| 000 | 00474nam a22001697a 4500 | ||
|---|---|---|---|
| 003 | NUST - PNEC | ||
| 005 | 20170116180851.0 | ||
| 008 | 150825b xxu||||| |||| 00| 0 eng d | ||
| 020 | _a8120722280 | ||
| 040 | _cLIBRARY | ||
| 082 | _a616.132 RAM | ||
| 100 |
_95696 _aRamaiah, Savitri |
||
| 245 |
_aAll you wanted to know about Hypertension _cSavitri Ramaiah |
||
| 260 |
_aNew Delhi: _bNew Dawn, Streling Publications Ltd., _cc1999. |
||
| 650 | _xGeneral | ||
| 942 |
_2ddc _cBK |
||
| 999 |
_c64612 _d64612 |
||